MARC

LEADER 00000nas a2200000 a 4500
001 ssj0000070827
003 WaSeSS
005 20200512172242.0
006 m d
007 cr n
008 080523c20019999tu fr pss 0 0tur c
010 |a  2008263251 
035 |a (WaSeSS)ssj0000070827 
037 |b Ege University, Faculty of Economics and Administrative Sciences, Bornova, 35100 Turkey 
040 |a TXA  |b eng  |c TXA  |d OCLCS  |d OCLCQ  |d OCLCF  |d CUS  |d OCLCO  |d OCLCQ  |d AU@  |d WaSeSS 
041 0 |a tur  |a eng 
042 |a pcc 
043 |a a-tu--- 
050 1 4 |a HC491  |b .E44 
245 0 0 |a Ege akademik bakış  |h [electronic resource] 
246 1 3 |a Ege academic review 
260 |a Bornova :  |b Ege University, Faculty of Economics and Administrative Sciences,  |c [2001]- 
310 |a Semiannual 
362 1 |a Began with: Cilt. 1, sayı 1 (yil 2001). 
500 |a "Journal of economics, administrative, international relations, and political sciences." 
506 |a License restrictions may limit access. 
515 |a Some numbers issued in combined form. 
546 |a Chiefly in Turkish; some articles also in English. 
588 |a Description based on first issue; title from article PDF running title (EgeU site, viewed May 23, 2008). 
588 |a Latest issue consulted: Cilt. 7, sayi 2 (temmuz 2007) (viewed May 23, 2008). 
650 0 |a Economics  |v Periodicals. 
650 0 |a Industrial management  |v Periodicals. 
650 0 |a International relations  |v Periodicals. 
650 0 |a Political science  |v Periodicals. 
650 0 |a Tourism  |v Periodicals. 
650 7 |a Economic history.  |2 fast  |0 (OCoLC)fst00901974 
650 7 |a Economics.  |2 fast  |0 (OCoLC)fst00902116 
650 7 |a Industrial management.  |2 fast  |0 (OCoLC)fst00971246 
650 7 |a International relations.  |2 fast  |0 (OCoLC)fst00977053 
650 7 |a Political science.  |2 fast  |0 (OCoLC)fst01069781 
650 7 |a Tourism.  |2 fast  |0 (OCoLC)fst01153142 
651 0 |a Turkey  |x Economic conditions  |v Periodicals. 
651 7 |a Turkey.  |2 fast  |0 (OCoLC)fst01208963 
655 0 |a Electronic journals. 
710 2 |a Ege Üniversitesi.  |b İktisadi ve İdari Bilimler Fakültesi. 
776 0 8 |i Print version edition:  |t Ege akademik bakış  |x 1303-099X 
856 4 0 |z Full text available from Research Library: 10/01/2009 to present  |u https://search.proquest.com/publication/136110